Gründung innovativer Unternehmen

Salvato in:
Dettagli Bibliografici
Autore principale: Dietz, Jobst-Walter
Natura: Libro
Lingua:tedesco
Pubblicazione: Wiesbaden Gabler 1989
Edizione:1. Aufl.
Serie:Neue Betriebswirtschaftliche Forschung Bd. 56
Soggetti:
Tags: Aggiungi Tag
Nessun Tag, puoi essere il primo ad aggiungerne!!

MARC

LEADER 00000nam a2200000 4500
001 c006212
005 20221215124452.7
020 |a 3-409-13355-0 
041 0 |a ger 
044 |a DE 
245 1 0 |a Gründung innovativer Unternehmen  |c Jobst-Walter Dietz 
250 |a 1. Aufl. 
264 1 |a Wiesbaden  |b Gabler  |c 1989 
300 |a 630 s. 
490 1 |a Neue Betriebswirtschaftliche Forschung  |v Bd. 56 
830 0 |a Neue Betriebswirtschaftliche Forschung  |v Bd. 56 
610 2 0 |a podnik 
610 2 0 |a inovácia 
610 2 0 |a trh 
610 2 0 |a investície 
610 2 0 |a financovanie 
610 2 0 |a stratégia podniková 
610 2 0 |a rozvoj technický 
610 2 0 |a podnikatelia 
100 1 |a Dietz, Jobst-Walter